<?xml version="1.0" encoding="UTF-8"?>
<collection xmlns:xsi="http://www.w3.org/2001/XMLSchema-instance" xsi:schemaLocation="http://www.loc.gov/MARC21/slim http://www.loc.gov/standards/marcxml/schema/MARC21slim.xsd" xmlns="http://www.loc.gov/MARC21/slim">
 <record>
  <leader>00000nam a22000004a 4500</leader>
  <controlfield tag="001">UP-8027390931316441747</controlfield>
  <controlfield tag="003">Buklod</controlfield>
  <controlfield tag="005">20260313092544.0</controlfield>
  <controlfield tag="006">a     r     ||| u </controlfield>
  <controlfield tag="007">ta</controlfield>
  <controlfield tag="008">260313s1981    xxu     r    |||| u|eng d</controlfield>
  <datafield tag="040" ind1="0" ind2=" ">
   <subfield code="a">DMC</subfield>
   <subfield code="e">rda</subfield>
  </datafield>
  <datafield tag="041" ind1="0" ind2=" ">
   <subfield code="a">eng</subfield>
  </datafield>
  <datafield tag="090" ind1="0" ind2="0">
   <subfield code="a">LG 993.5 1981 M3</subfield>
   <subfield code="b">A73</subfield>
  </datafield>
  <datafield tag="100" ind1="0" ind2=" ">
   <subfield code="a">Arceo, Ma. Victoria D.</subfield>
   <subfield code="e">author</subfield>
  </datafield>
  <datafield tag="245" ind1="0" ind2="0">
   <subfield code="a">A content analysis of the lyrics of Pinoy rock compositions from 1972 to March, 1981</subfield>
   <subfield code="c">Ma. Victoria D. Arceo.</subfield>
  </datafield>
  <datafield tag="264" ind1=" " ind2="0">
   <subfield code="a">Quezon City</subfield>
   <subfield code="b">University of the Philippines</subfield>
   <subfield code="c">1981</subfield>
  </datafield>
  <datafield tag="300" ind1=" " ind2=" ">
   <subfield code="a">88 leaves</subfield>
   <subfield code="c">28 cm</subfield>
  </datafield>
  <datafield tag="336" ind1=" " ind2=" ">
   <subfield code="a">text</subfield>
   <subfield code="2">rdacontent</subfield>
  </datafield>
  <datafield tag="337" ind1=" " ind2=" ">
   <subfield code="a">unmediated</subfield>
   <subfield code="2">rdamedia</subfield>
  </datafield>
  <datafield tag="338" ind1=" " ind2=" ">
   <subfield code="a">volume</subfield>
   <subfield code="2">rdacarrier</subfield>
  </datafield>
  <datafield tag="502" ind1=" " ind2=" ">
   <subfield code="a">Thesis</subfield>
   <subfield code="b">Bachelor of Arts in Broadcast Communication</subfield>
   <subfield code="c">University of the Philippines Diliman, Institute of Mass Communication</subfield>
   <subfield code="d">1981</subfield>
  </datafield>
  <datafield tag="520" ind1="0" ind2=" ">
   <subfield code="a">This study is a content analysis of 50 Pinoy Rock songs released from 1972 to March, 1981 with respect to different languages, themes, values, and interpersonal relationships that they contain and promote. It also used two sampling schemes with regards to the choice of sample. Out of a total of 183 Pinoy rock compositions, 50 songs and 25 replacements were taken using the simple random and systematic random sampling schemes.&#13;
&#13;
This study revealed that Tagalog was the most common language of Pinoy rock compositions. It also showed that the greatest number of Pinoy rock songs dwelt on the theme of self-improvement. In terms of its values, this study showed that the desire for smooth interpersonal relations was heavily promoted. And lastly, Pinoy Rock songs concentrated more on the singer-listener type of interpersonal relationship.</subfield>
  </datafield>
  <datafield tag="650" ind1="0" ind2="0">
   <subfield code="a">Rock music</subfield>
   <subfield code="x">Philippines</subfield>
   <subfield code="v">Texts.</subfield>
  </datafield>
  <datafield tag="650" ind1="0" ind2="0">
   <subfield code="a">Rock music</subfield>
   <subfield code="z">Philippines</subfield>
   <subfield code="x">History and criticism.</subfield>
  </datafield>
  <datafield tag="905" ind1=" " ind2=" ">
   <subfield code="a">FI</subfield>
   <subfield code="a">UP</subfield>
  </datafield>
  <datafield tag="852" ind1="0" ind2=" ">
   <subfield code="a">UPD</subfield>
   <subfield code="b">DMC</subfield>
   <subfield code="h">LG 993.5 1981 M3</subfield>
   <subfield code="i">A73</subfield>
  </datafield>
  <datafield tag="942" ind1=" " ind2=" ">
   <subfield code="a">Thesis</subfield>
  </datafield>
 </record>
</collection>
